[Event "Kramnik Challenge 2021"]
[Site "chess24.com INT"]
[Date "2021.08.13"]
[Round "6.6"]
[White "Maurizzi, Marc Andria"]
[Black "Daggupati, Balaji"]
[Result "1-0"]
[WhiteTitle "IM"]
[BlackTitle "FM"]
[WhiteElo "2488"]
[BlackElo "2429"]
[WhiteFideId "36083534"]
[BlackFideId "2090759"]
[EventDate "2021.08.12"]

1. e4 c5 2. Nf3 e6 3. Be2 Nc6 4. Nc3 e5 5. O-O d6 6. Bc4 Be7 7. d3 Nf6 8. Ng5
O-O 9. f4 exf4 10. Bxf4 Ne5 11. Bb3 h6 12. Nf3 Bg4 13. Qd2 Nxf3+ 14. gxf3 Bh3
15. Rf2 Nh5 16. Bxh6 Bh4 17. Be3 Bxf2+ 18. Qxf2 Be6 19. Nd5 Bxd5 20. Bxd5 Qf6
21. Kh1 Nf4 22. Bb3 Rfe8 23. Qd2 Ne6 24. f4 Nd4 25. Bd5 Qh4 26. Qg2 Qh5 27. c3
Nf5 28. Bf2 Ne7 29. Rg1 Qh6 30. Bb3 d5 31. Bxc5 Ng6 32. Bd4 Nxf4 33. Qxg7+ Qxg7
34. Rxg7+ Kf8 35. Rg4 Ne6 36. Bf6 Reb8 37. Bxd5 Ke8 38. Be5 1-0

[Event "Kramnik Challenge 2021"]
[Site "chess24.com INT"]
[Date "2021.08.13"]
[Round "6.8"]
[White "Abdusattorov, Nodirbek"]
[Black "Murzin, Volodar"]
[Result "1-0"]
[WhiteTitle "GM"]
[BlackTitle "IM"]
[WhiteElo "2634"]
[BlackElo "2505"]
[WhiteFideId "14204118"]
[BlackFideId "44155573"]
[EventDate "2021.08.12"]

1. e4 c6 2. d4 d5 3. e5 Bf5 4. h4 h5 5. Bd3 Bxd3 6. Qxd3 Qa5+ 7. Nd2 e6 8. Nf3
Nh6 9. O-O Nf5 10. Nb3 Qa6 11. Qd1 Nd7 12. Bg5 c5 13. c3 c4 14. Nc1 f6 15. Bd2
fxe5 16. dxe5 Be7 17. Ne2 O-O-O 18. Nf4 Nf8 19. b3 Nxh4 20. Nd4 Nhg6 21. Ndxe6
Nxf4 22. Nxd8 Nxg2 23. Nf7 Rh7 24. Bg5 Qg6 25. Qxd5 Nf4 26. Qxc4+ Kb8 27. Qxf4
Ne6 28. Qg3 h4 29. Qg4 Qxf7 30. Bxe7 Qxe7 31. Rad1 Rh6 32. f4 h3 1-0

[Event "Kramnik Challenge 2021"]
[Site "chess24.com INT"]
[Date "2021.08.13"]
[Round "7.1"]
[White "Murzin, Volodar"]
[Black "Yip, Carissa"]
[Result "1-0"]
[WhiteTitle "IM"]
[BlackTitle "IM"]
[WhiteElo "2505"]
[BlackElo "2404"]
[WhiteFideId "44155573"]
[BlackFideId "2090732"]
[EventDate "2021.08.12"]

1. e4 c5 2. Nf3 d6 3. Bb5+ Bd7 4. Bxd7+ Qxd7 5. c4 Nc6 6. Nc3 g6 7. d4 cxd4 8.
Nxd4 Nf6 9. f3 Nxd4 10. Qxd4 Bg7 11. Be3 O-O 12. Qd3 Rfc8 13. O-O a6 14. Rac1
Qd8 15. Rfd1 Nd7 16. b3 b5 17. cxb5 axb5 18. Nd5 Rxc1 19. Rxc1 e6 20. Nb4 Qa5
21. Qxd6 Bf8 22. Qxd7 Qxb4 23. Bd2 Bc5+ 24. Kh1 Qa3 25. Rc2 Be7 26. Qxb5 Rd8 27.
Qe2 h5 28. g3 h4 29. Kg2 Kh7 30. Be3 Kg8 31. Rd2 Rc8 32. Rc2 Rd8 33. Bf2 hxg3
34. hxg3 Bf8 35. Bb6 Rb8 36. Be3 Ra8 37. Qd2 Be7 38. Bd4 Rd8 39. Qe3 Qd6 40. Bc3
Qa3 41. Qh6 e5 42. Bxe5 1-0

[Event "Kramnik Challenge 2021"]
[Site "chess24.com INT"]
[Date "2021.08.13"]
[Round "7.3"]
[White "Daggupati, Balaji"]
[Black "Khademalsharieh, Sarasadat"]
[Result "0-1"]
[WhiteTitle "FM"]
[BlackTitle "IM"]
[WhiteElo "2429"]
[BlackElo "2494"]
[WhiteFideId "2090759"]
[BlackFideId "12512214"]
[EventDate "2021.08.12"]

1. e4 e5 2. Nf3 Nc6 3. Bb5 a6 4. Ba4 Bc5 5. c3 Nge7 6. O-O b5 7. Bb3 Ng6 8. d4
Be7 9. Nxe5 Ncxe5 10. dxe5 Bb7 11. f4 Bc5+ 12. Kh1 Bxe4 13. Bd5 Bxd5 14. Qxd5 d6
15. Qc6+ Kf8 16. b4 Bb6 17. exd6 cxd6 18. f5 Ne5 19. Qd5 Ng4 20. Qf3 h5 21. Bf4
Rc8 22. Nd2 d5 23. Nb3 Kg8 24. Rad1 Qf6 25. Nc5 Bxc5 26. bxc5 Rxc5 27. h3 Nh6
28. Rxd5 Rxd5 29. Qxd5 Nxf5 30. Kh2 Qe6 31. Qd3 h4 32. Rf2 Rh5 33. Re2 Qc6 34.
Qd8+ Kh7 35. Re8 Qc4 36. Be5 Ne3 37. Bd4 Nf1+ 38. Kg1 Ng3 39. Rh8+ Kg6 40. Rg8
Qf1+ 0-1

[Event "Kramnik Challenge 2021"]
[Site "chess24.com INT"]
[Date "2021.08.13"]
[Round "7.4"]
[White "Zhu, Jiner"]
[Black "Maurizzi, Marc Andria"]
[Result "0-1"]
[WhiteTitle "WGM"]
[BlackTitle "IM"]
[WhiteElo "2455"]
[BlackElo "2488"]
[WhiteFideId "8608059"]
[BlackFideId "36083534"]
[EventDate "2021.08.12"]

1. e4 c5 2. Nf3 e6 3. d3 Nc6 4. g3 g6 5. Bg2 Bg7 6. O-O Nge7 7. Qe2 O-O 8. c3 e5
9. Na3 h6 10. Be3 d6 11. Qd2 Kh7 12. d4 cxd4 13. cxd4 f5 14. d5 fxe4 15. Nh4 Nd4
16. Bxd4 exd4 17. Bxe4 Nf5 18. Ng2 Bd7 19. Nf4 Qf6 20. Qd3 Rae8 21. Rae1 h5 22.
Re2 Bh6 23. Ng2 Ne3 24. Nxe3 Bxe3 25. Bg2 Bh6 26. Rxe8 Rxe8 27. Nc2 Bg7 28. Ne1
a6 29. Qd2 Bb5 30. Nd3 Qf5 31. Rd1 Bc4 32. b3 Bxd5 33. Bxd5 Qxd5 34. h4 Qf3 35.
Re1 Rxe1+ 36. Nxe1 Qe4 37. Nd3 Bh6 38. Qd1 Bg7 39. Qd2 Bf6 40. Qd1 Qf5 41. Qe2
Be5 42. Kg2 Kg7 43. Qf3 Kf6 44. Qxf5+ Kxf5 45. f3 Bf6 46. Kf2 Ke6 47. Ke2 Be5
48. f4 Bf6 49. Nf2 Kd5 50. Kd3 Bd8 51. Ne4 Bb6 52. Nd2 Ba5 53. Nf3 Bb6 54. Nd2
Ke6 55. Ne4 d5 56. Nf2 Ba5 57. Ke2 Kd6 58. Nd3 Ke6 59. Kf3 Bb6 60. Ne5 Kf5 61.
Nd3 Bc7 62. Nc5 b6 63. Nd3 Ke6 64. Ke2 Kd6 65. Ne5 Ke6 66. Kf3 Bxe5 67. fxe5
Kxe5 0-1

[Event "Kramnik Challenge 2021"]
[Site "chess24.com INT"]
[Date "2021.08.13"]
[Round "7.5"]
[White "Lei, Tingjie"]
[Black "Bjerre, Jonas Buhl"]
[Result "1-0"]
[WhiteTitle "GM"]
[BlackTitle "GM"]
[WhiteElo "2505"]
[BlackElo "2550"]
[WhiteFideId "8605114"]
[BlackFideId "1444948"]
[EventDate "2021.08.12"]

1. e4 c5 2. Nf3 d6 3. d4 cxd4 4. Nxd4 Nf6 5. Nc3 a6 6. h3 e5 7. Nb3 Be7 8. Be3
h6 9. g4 b5 10. Nd5 Bb7 11. Bg2 Nxd5 12. exd5 Bg5 13. Qd2 Bxe3 14. Qxe3 Nd7 15.
Nd4 Qc7 16. O-O-O Nb6 17. Nf5 g6 18. Ng3 Rc8 19. Be4 Bxd5 20. Kb1 Be6 21. f4 d5
22. Bd3 exf4 23. Qd4 O-O 24. Nf5 Bxf5 25. gxf5 Nc4 26. Rde1 Nd2+ 27. Ka1 Nf3 28.
Qxd5 Nxe1 29. Rxe1 Qc5 30. Qg2 Rfe8 31. Rb1 g5 32. h4 Qc6 33. Qg4 Qf6 34. hxg5
hxg5 35. Qh5 Re3 36. Rg1 Rg3 37. Rh1 Re8 38. a3 Kf8 39. Qh2 Rge3 40. Qf2 Qe5 41.
Rh5 Re1+ 42. Ka2 Qf6 43. Qc5+ R1e7 44. Qg1 Re1 45. Qc5+ Kg7 46. Qf2 R1e3 47. Qg2
Rg3 48. Qh2 Kf8 49. Rh8+ Ke7 50. Rh6 Qe5 51. Qh1 f3 52. Rxa6 Qd5+ 53. b3 Rd8 54.
f6+ Kd7 55. Qh2 Rg2 56. Qh7 Kc8 57. Bf5+ Kb8 58. Be4 Qc5 59. Ra8+ Kc7 60. Rxd8
Kxd8 61. Qg8+ Kc7 62. Qxf7+ Kb8 63. Qb7# 1-0

[Event "Kramnik Challenge 2021"]
[Site "chess24.com INT"]
[Date "2021.08.13"]
[Round "7.6"]
[White "Mendonca, Leon Luke"]
[Black "Shuvalova, Polina"]
[Result "0-1"]
[WhiteTitle "GM"]
[BlackTitle "IM"]
[WhiteElo "2537"]
[BlackElo "2507"]
[WhiteFideId "35028561"]
[BlackFideId "24171760"]
[EventDate "2021.08.12"]

1. c4 Nf6 2. Nf3 e6 3. b3 d5 4. Bb2 c5 5. e3 Nc6 6. cxd5 exd5 7. Be2 Bd6 8. d4
cxd4 9. Nxd4 O-O 10. O-O Re8 11. Nc3 Nxd4 12. Qxd4 Be5 13. Qd2 Be6 14. Rfd1 Rc8
15. Bf3 a6 16. h3 Qd6 17. Ne2 h6 18. Bd4 Bf5 19. Bxe5 Qxe5 20. Qd4 Qxd4 21. Nxd4
Be4 22. Be2 Rc7 23. Rac1 Rec8 24. Rxc7 Rxc7 25. f3 Bg6 26. Kf2 Rc3 27. g4 Kf8
28. h4 Ke7 29. Rg1 h5 30. gxh5 Nxh5 31. f4 Nf6 32. Bf3 Kf8 33. f5 Bh7 34. Ke2 g6
35. Kd2 Rc8 36. fxg6 Bxg6 37. Rg5 Be4 38. Ke2 Rc1 39. h5 Ra1 40. a4 Ra2+ 41. Ke1
Rh2 42. Be2 Bh7 43. Bf3 Be4 44. Be2 Bh7 45. Bf3 Ke7 46. Ne2 Be4 47. Bxe4 Nxe4
48. Rg1 Rxh5 49. Nf4 Re5 50. Ke2 Nc5 51. Nd3 Nxd3 52. Kxd3 Rh5 53. Rg8 Rh6 54.
Rb8 Rb6 55. Kc3 Kd7 56. Rf8 Rf6 57. Kd4 Rf5 58. b4 Kc6 59. Rc8+ Kd7 60. Rf8 Kc6
61. Rc8+ Kd7 62. Rc5 Kd6 63. a5 Rh5 64. e4 f6 65. Rc8 dxe4 66. Rd8+ Ke7 67. Rg8
Rb5 68. Kc4 Ke6 69. Rg1 f5 70. Rb1 Ke5 71. Rf1 e3 72. Kd3 f4 73. Rb1 Rd5+ 74.
Ke2 Ke4 75. Rb2 f3+ 0-1

[Event "Kramnik Challenge 2021"]
[Site "chess24.com INT"]
[Date "2021.08.13"]
[Round "7.7"]
[White "Liang, Awonder"]
[Black "Yoo, Christopher Woojin"]
[Result "1-0"]
[WhiteTitle "GM"]
[BlackTitle "IM"]
[WhiteElo "2587"]
[BlackElo "2466"]
[WhiteFideId "2056437"]
[BlackFideId "30909694"]
[EventDate "2021.08.12"]

1. e4 c5 2. Nf3 e6 3. Nc3 Nc6 4. d4 cxd4 5. Nxd4 Nf6 6. Nxc6 bxc6 7. e5 Nd5 8.
Ne4 Qc7 9. f4 Rb8 10. c4 Bb4+ 11. Kf2 O-O 12. cxd5 cxd5 13. a3 Be7 14. Nc3 f6
15. exf6 Rxf6 16. Qd3 Rxf4+ 17. Ke1 Rf5 18. Be2 Bc5 19. b4 Be7 20. Bd2 a5 21.
Nb5 Qd8 22. Nd4 Re5 23. Bf4 Bh4+ 24. g3 Bf6 25. Bxe5 Bxe5 26. Rb1 axb4 27. Rxb4
Ra8 28. Nf3 Bd6 29. Rb3 Qa5+ 30. Kf1 Ba6 31. Qd1 Bc4 32. Bxc4 dxc4 33. Re3 Bc5
34. Re2 Qxa3 35. Kg2 Qa7 36. Rf1 Qc7 37. Qc2 Bb4 38. Qe4 Rc8 39. Rd1 Be7 40.
Red2 Rd8 41. Rc2 c3 42. Qe5 Rc8 43. Qxc7 Rxc7 44. Nd4 Bf6 45. Nb5 Rc5 46. Nd6
Be5 47. Ne4 Rc4 48. Nd6 Rc6 49. Nb5 Rc5 50. Nd4 Bf6 51. Ne2 d5 52. Kf3 e5 53.
Ke3 e4 54. Nf4 Bg5 55. h4 Bh6 56. Kd4 Bxf4 57. gxf4 Ra5 58. Rxc3 Kf7 59. Ke5 Kg6
60. Rxd5 Rxd5+ 61. Kxd5 Kf5 62. Re3 Kxf4 63. Rxe4+ Kf3 64. h5 g5 65. Re7 1-0

[Event "Kramnik Challenge 2021"]
[Site "chess24.com INT"]
[Date "2021.08.13"]
[Round "7.8"]
[White "Saduakassova, Dinara"]
[Black "Sokolovsky, Yahli"]
[Result "0-1"]
[WhiteTitle "IM"]
[BlackTitle "FM"]
[WhiteElo "2483"]
[BlackElo "2415"]
[WhiteFideId "13700090"]
[BlackFideId "2820242"]
[EventDate "2021.08.12"]

1. Nf3 Nf6 2. d4 g6 3. c4 Bg7 4. g3 O-O 5. Bg2 d6 6. Nc3 Nbd7 7. O-O e5 8. e4
exd4 9. Nxd4 Re8 10. h3 Nc5 11. Re1 Bd7 12. Kh2 h5 13. f4 h4 14. g4 Nh7 15. Nf3
Bc6 16. e5 dxe5 17. Qxd8 Raxd8 18. Nxh4 Nd3 19. Rd1 exf4 20. Nd5 Nxc1 21. Raxc1
Bxb2 22. Ne7+ Kg7 23. Nxc6 bxc6 24. Rxd8 Rxd8 25. Rc2 Bf6 26. Nf3 c5 27. h4 Nf8
28. g5 Bd4 29. Rd2 Ne6 30. Bh3 Kf8 31. Kg2 Ke7 32. Rd3 Rd6 33. Nd2 Rb6 34. Rb3
Be3 35. Bxe6 fxe6 36. Ne4 Ra6 37. a3 Rb6 38. Rxb6 cxb6 39. Kf3 e5 40. Nc3 Ke6
41. Nd5 Bd2 42. a4 Bc1 43. Nc3 Kf5 44. Ne4 Be3 45. Nd6+ Ke6 46. Ne8 Bd2 47. Ke4
Be1 48. Nc7+ Kf7 49. Nd5 Bxh4 50. Kxe5 Bxg5 51. Ke4 Ke6 52. Nc7+ Kd7 53. Nd5 Kd6
54. Nc3 Ke6 55. Nb5 a6 56. Nc7+ Kd6 57. Nd5 Kc6 58. Nc3 Bh6 59. Nd5 g5 60. Ne7+
Kd7 61. Nd5 Kc6 62. Ne7+ Kb7 63. Kf3 Bg7 64. Nd5 Bd4 65. Kg4 Kc6 66. Ne7+ Kd6
67. Nc8+ Kc7 68. Ne7 b5 69. axb5 axb5 70. cxb5 Kb6 0-1

[Event "Kramnik Challenge 2021"]
[Site "chess24.com INT"]
[Date "2021.08.13"]
[Round "8.1"]
[White "Yip, Carissa"]
[Black "Sokolovsky, Yahli"]
[Result "1-0"]
[WhiteTitle "IM"]
[BlackTitle "FM"]
[WhiteElo "2404"]
[BlackElo "2415"]
[WhiteFideId "2090732"]
[BlackFideId "2820242"]
[EventDate "2021.08.12"]

1. e4 e5 2. Nc3 Nf6 3. f4 d5 4. fxe5 Nxe4 5. Qf3 Nc6 6. Bb5 Nxc3 7. dxc3 a6 8.
Bxc6+ bxc6 9. Ne2 Qh4+ 10. g3 Qg4 11. Qf2 Qf5 12. Qe3 c5 13. Nf4 Bb7 14. Rf1
O-O-O 15. Nd3 Qe6 16. Bd2 c4 17. Nf4 Qc6 18. O-O-O Kb8 19. Qe2 Bc5 20. Be3 Rhe8
21. Bxc5 Qxc5 22. Kb1 f6 23. e6 Re7 24. Qg4 Bc8 25. h4 c6 26. Rfe1 g6 27. Re2
Rde8 28. Rde1 Qd6 29. a3 Ka8 30. Ka2 Kb7 31. Re3 Ka8 32. R1e2 Rb7 33. Re1 Rbe7
34. Ka1 Qc5 35. Qf3 g5 36. Nh5 Rxe6 37. Rxe6 Rxe6 38. Rxe6 Bxe6 39. Qxf6 Qe3 40.
Qd8+ Kb7 41. Qe7+ Kb6 42. Ng7 Qc1+ 43. Ka2 Bg4 44. Qb4+ Ka7 45. Ne8 Qxc2 46.
Qe7+ Kb6 47. Qc7+ Kc5 48. Qa7+ Kb5 49. Nc7+ 1-0

[Event "Kramnik Challenge 2021"]
[Site "chess24.com INT"]
[Date "2021.08.13"]
[Round "8.2"]
[White "Yoo, Christopher Woojin"]
[Black "Saduakassova, Dinara"]
[Result "1/2-1/2"]
[WhiteTitle "IM"]
[BlackTitle "IM"]
[WhiteElo "2466"]
[BlackElo "2483"]
[WhiteFideId "30909694"]
[BlackFideId "13700090"]
[EventDate "2021.08.12"]

1. e4 e5 2. Nf3 Nc6 3. Nc3 Nf6 4. a4 Be7 5. Bc4 O-O 6. O-O d6 7. h3 Be6 8. d3 d5
9. Bb5 Na5 10. d4 Nxe4 11. Nxe4 dxe4 12. Nxe5 c5 13. Be3 f6 14. d5 Qxd5 15. Qxd5
Bxd5 16. Rfd1 Be6 17. Bd2 fxe5 18. Bxa5 c4 19. Bd7 Bxd7 20. Rxd7 Bc5 21. Be1 e3
22. Kf1 exf2 23. Bc3 Rad8 24. Rad1 Bd4 25. Rxb7 Bxc3 26. Rxd8 Rxd8 27. bxc3 Rd2
28. Rxa7 Rxc2 29. Re7 Rxc3 30. Rxe5 Ra3 31. a5 Ra2 32. Rc5 Kf7 33. Rxc4 Rxa5 34.
Kxf2 Ra2+ 35. Kf3 Ra3+ 36. Kf4 Ra2 37. Kf3 Ra3+ 38. Kf4 Ra2 39. Kf3 1/2-1/2

[Event "Kramnik Challenge 2021"]
[Site "chess24.com INT"]
[Date "2021.08.13"]
[Round "8.3"]
[White "Shuvalova, Polina"]
[Black "Liang, Awonder"]
[Result "1-0"]
[WhiteTitle "IM"]
[BlackTitle "GM"]
[WhiteElo "2507"]
[BlackElo "2587"]
[WhiteFideId "24171760"]
[BlackFideId "2056437"]
[EventDate "2021.08.12"]

1. e4 c6 2. d4 d6 3. Nc3 Nf6 4. f4 g6 5. Nf3 Bg7 6. Bd3 O-O 7. O-O b5 8. e5 Ne8
9. Be3 Na6 10. Qe2 Nb4 11. Be4 d5 12. Bd3 Nc7 13. h3 f6 14. Qd2 Nxd3 15. cxd3
Ne6 16. b4 a5 17. a3 Bd7 18. Ne2 Qc7 19. Kh1 Ra6 20. Rae1 axb4 21. axb4 Qa7 22.
Nc1 Ra3 23. f5 gxf5 24. exf6 Rxf6 25. Ne5 Be8 26. Bf2 Bh6 27. Qe2 Bg5 28. Nf3
Bxc1 29. Rxc1 Nf4 30. Qd2 Nxd3 31. Bh4 Rg6 32. Rc2 Rb3 33. Rc3 Rxc3 34. Qxc3 Qa2
35. Ng5 Qc4 36. Qa1 Nxb4 37. Rxf5 Qd3 38. Rf3 Qd2 39. Qa8 Qc1+ 40. Kh2 1-0

[Event "Kramnik Challenge 2021"]
[Site "chess24.com INT"]
[Date "2021.08.13"]
[Round "8.4"]
[White "Bjerre, Jonas Buhl"]
[Black "Mendonca, Leon Luke"]
[Result "1-0"]
[WhiteTitle "GM"]
[BlackTitle "GM"]
[WhiteElo "2550"]
[BlackElo "2537"]
[WhiteFideId "1444948"]
[BlackFideId "35028561"]
[EventDate "2021.08.12"]

1. e4 c5 2. Nf3 d6 3. d4 cxd4 4. Nxd4 Nf6 5. Nc3 a6 6. a4 g6 7. Be2 Bg7 8. O-O
O-O 9. Be3 Nc6 10. Qd2 Rb8 11. Rfd1 Ng4 12. Bxg4 Bxg4 13. f3 Bd7 14. Nb3 Be6 15.
Rab1 Ne5 16. Bd4 Nc4 17. Qf2 Rc8 18. Bxg7 Kxg7 19. Nd5 Bxd5 20. exd5 Qd7 21. Re1
Rc7 22. Re4 Qxa4 23. Rbe1 Qb5 24. Qd4+ Kg8 25. Rxe7 Rxe7 26. Rxe7 a5 27. Qf6
Qxd5 28. Nd4 Ne5 29. Ne6 Qd1+ 30. Kf2 Qd2+ 31. Kg3 Qe1+ 32. Kh3 fxe6 33. Qg7# 1-0

[Event "Kramnik Challenge 2021"]
[Site "chess24.com INT"]
[Date "2021.08.13"]
[Round "8.5"]
[White "Maurizzi, Marc Andria"]
[Black "Lei, Tingjie"]
[Result "1-0"]
[WhiteTitle "IM"]
[BlackTitle "GM"]
[WhiteElo "2488"]
[BlackElo "2505"]
[WhiteFideId "36083534"]
[BlackFideId "8605114"]
[EventDate "2021.08.12"]

1. e4 e5 2. Nf3 Nc6 3. Bb5 Nf6 4. O-O Nxe4 5. d4 Nd6 6. dxe5 Nxb5 7. a4 Nbd4 8.
Nxd4 d5 9. Re1 Nxd4 10. Qxd4 Be7 11. b4 O-O 12. Nd2 Bf5 13. c3 c6 14. Nb3 b6 15.
Ra2 Rc8 16. Qf4 Be6 17. Nd4 c5 18. bxc5 bxc5 19. Nxe6 fxe6 20. Qg4 Qd7 21. Bh6
Rf7 22. Rb2 Kh8 23. Be3 Bd8 24. h4 Bb6 25. Rd1 Rf5 26. f4 Qxa4 27. Rbd2 Rcf8 28.
Qh3 Qc4 29. g4 R5f7 30. Rd3 Qe4 31. Qg2 c4 32. Qxe4 dxe4 33. Rd4 Bxd4 34. Rxd4
a5 35. Rxc4 Ra8 36. Ra4 Rb7 37. Bd4 Rb2 38. f5 h5 39. fxe6 hxg4 40. e7 Re8 41.
Bc5 e3 42. Rf4 Rb1+ 43. Kg2 Rxe7 44. Bxe3 Rxe5 45. Bd4 Re7 46. Rxg4 a4 47. Rg5
a3 48. Ra5 Rb3 49. Kf3 Kh7 50. Ra6 Rc7 51. Ke4 g6 52. Ra8 g5 53. hxg5 Kg6 54.
Rg8+ Kh7 55. Ra8 Kg6 56. Rg8+ Kh5 57. g6 Rbxc3 58. g7 Rxg7 59. Rxg7 Rh3 60. Kf4
Rd3 61. Be5 a2 62. Ra7 Rd2 63. Kf5 Rf2+ 64. Bf4 1-0

[Event "Kramnik Challenge 2021"]
[Site "chess24.com INT"]
[Date "2021.08.13"]
[Round "8.6"]
[White "Khademalsharieh, Sarasadat"]
[Black "Zhu, Jiner"]
[Result "0-1"]
[WhiteTitle "IM"]
[BlackTitle "WGM"]
[WhiteElo "2494"]
[BlackElo "2455"]
[WhiteFideId "12512214"]
[BlackFideId "8608059"]
[EventDate "2021.08.12"]

1. d4 Nf6 2. c4 e6 3. Nc3 Bb4 4. e3 d5 5. Nf3 O-O 6. Bd2 b6 7. cxd5 exd5 8. Bd3
Bb7 9. O-O a6 10. Ne5 Nbd7 11. f4 Be7 12. Qf3 c5 13. Be1 b5 14. Qh3 Nb6 15. dxc5
Bc8 16. Qf3 Bxc5 17. Bh4 Qd6 18. Bxf6 Qxf6 19. Nxd5 Nxd5 20. Qxd5 Bxe3+ 21. Kh1
Bf5 22. Bxf5 Qxf5 23. Rad1 Bxf4 24. Qd4 Bxe5 25. Rxf5 Bxd4 26. Rxd4 Rac8 27. h3
Rfe8 28. Rd7 f6 29. Rd6 Re2 30. Rf3 a5 31. Rd7 Rce8 32. Rb3 R8e5 33. Rc3 h6 34.
h4 R5e4 35. Rg3 Re1+ 36. Kh2 Rxh4+ 37. Rh3 Rxh3+ 38. Kxh3 Re2 0-1

[Event "Kramnik Challenge 2021"]
[Site "chess24.com INT"]
[Date "2021.08.13"]
[Round "8.7"]
[White "Abdusattorov, Nodirbek"]
[Black "Daggupati, Balaji"]
[Result "1-0"]
[WhiteTitle "GM"]
[BlackTitle "FM"]
[WhiteElo "2634"]
[BlackElo "2429"]
[WhiteFideId "14204118"]
[BlackFideId "2090759"]
[EventDate "2021.08.12"]

1. e4 c5 2. Nf3 e6 3. d4 cxd4 4. Nxd4 Nf6 5. Nc3 Nc6 6. g3 d5 7. exd5 exd5 8.
Bg2 Bg4 9. Qd3 Bb4 10. O-O O-O 11. Bg5 Bxc3 12. bxc3 h6 13. Bf4 Qd7 14. Rfe1
Rfe8 15. Nxc6 bxc6 16. Qd4 Rxe1+ 17. Rxe1 Re8 18. Rxe8+ Qxe8 19. h3 Bf5 20. Qxa7
Qe1+ 21. Kh2 Qxc3 22. a4 Qxc2 23. a5 Bd3 24. a6 Kh7 25. Be5 Nd7 26. Qxd7 Qxf2
27. Qg4 f6 28. Qf3 Qxf3 29. Bxf3 Bxa6 30. Bd4 Bc8 31. Kg2 Kg6 32. h4 Bf5 33. Kf2
Kf7 34. Bc5 g6 35. Bd1 h5 36. Ke3 Ke6 37. Ba4 Kd7 38. Kd4 Be4 39. Bf8 g5 40. Kc5
Ke6 41. Bd1 g4 42. Kxc6 d4+ 43. Kc5 d3 44. Kd4 Bf3 45. Bb3+ Kf5 46. Kxd3 Kg6 47.
Kd4 Bc6 48. Be6 Ba4 49. Bb4 Bc2 50. Kc5 f5 51. Bd2 Bd3 52. Kd6 Bc2 53. Ke7 Bb1
54. Bf7+ Kg7 55. Bxh5 Be4 56. Bf7 Bd3 57. h5 Bb1 58. h6+ Kh7 59. Bf4 Bc2 60. Kf6
Kh8 61. Kg6 Bb3 62. Be5# 1-0

[Event "Kramnik Challenge 2021"]
[Site "chess24.com INT"]
[Date "2021.08.14"]
[Round "9.2"]
[White "Daggupati, Balaji"]
[Black "Murzin, Volodar"]
[Result "0-1"]
[WhiteTitle "FM"]
[BlackTitle "IM"]
[WhiteElo "2429"]
[BlackElo "2505"]
[WhiteFideId "2090759"]
[BlackFideId "44155573"]
[EventDate "2021.08.12"]

1. e4 c6 2. d4 d5 3. e5 Bf5 4. Nd2 e6 5. Nb3 Nd7 6. Nf3 Ne7 7. Be2 Nc8 8. O-O
Be7 9. a4 O-O 10. a5 a6 11. Be3 Na7 12. c4 dxc4 13. Bxc4 Nb5 14. Bd3 Bxd3 15.
Qxd3 Nc7 16. Qe4 Nd5 17. Rfd1 Rc8 18. Rac1 b6 19. Bd2 c5 20. dxc5 Nxc5 21. Nxc5
Rxc5 22. Rxc5 bxc5 23. Qe2 Qb8 24. Bg5 Bxg5 25. Nxg5 h6 26. Nf3 Qb5 27. Qxb5
axb5 28. Rc1 Ra8 29. Rxc5 Rxa5 30. g3 Ra1+ 31. Kg2 b4 32. b3 Ra2 33. Nd4 Rd2 34.
Nc6 Ne3+ 35. Kf3 Nd1 36. Nxb4 Rxf2+ 37. Ke4 Rb2 38. Nd3 Rxb3 39. Kd4 g5 40. Rc8+
Kg7 41. Rc7 Kg6 42. Rc1 Nb2 43. Nc5 Rb4+ 44. Kc3 Rb5 45. Kd4 Rb8 46. Rf1 Rd8+
47. Ke4 Nc4 48. Rc1 Nb6 49. Nb7 Rd5 50. Nd6 Nd7 51. Rc7 Nxe5 52. Ne8 Ng4 53. Rc2
Nf6+ 54. Nxf6 Kxf6 55. Ke3 h5 56. Kf3 Kf5 57. Ra2 Rd3+ 58. Ke2 Rb3 59. Kf2 e5
60. Kg2 f6 61. Rc2 Rb4 62. Rf2+ Ke6 63. Ra2 h4 64. Ra6+ Kf5 65. Ra2 hxg3 66.
hxg3 e4 67. Rf2+ Ke5 68. Ra2 Rb5 69. g4 Rd5 70. Rf2 Rd6 71. Kg3 Rd3+ 72. Kg2 Rf3
73. Ra2 Kf4 74. Ra4 Rg3+ 75. Kf2 Rxg4 76. Ra6 f5 77. Ra3 Rh4 78. Kf1 Rh2 79. Rb3
Ra2 80. Rb5 g4 81. Ke1 g3 82. Kf1 Kg4 83. Kg1 f4 84. Rb4 Kf3 85. Rb1 e3 86. Rf1+
Rf2 87. Rb1 g2 88. Ra1 Kg3 89. Rb1 f3 90. Ra1 Rb2 0-1

[Event "Kramnik Challenge 2021"]
[Site "chess24.com INT"]
[Date "2021.08.14"]
[Round "9.3"]
[White "Zhu, Jiner"]
[Black "Abdusattorov, Nodirbek"]
[Result "1-0"]
[WhiteTitle "WGM"]
[BlackTitle "GM"]
[WhiteElo "2455"]
[BlackElo "2634"]
[WhiteFideId "8608059"]
[BlackFideId "14204118"]
[EventDate "2021.08.12"]

1. e4 c5 2. Nf3 e6 3. d3 Nc6 4. g3 Nf6 5. Bg2 d6 6. O-O Be7 7. Qe2 O-O 8. c3 Bd7
9. Rd1 Qc7 10. Na3 Rac8 11. Bf4 Ne5 12. d4 Ng6 13. Bd2 cxd4 14. cxd4 Qb6 15. Be1
Bc6 16. e5 dxe5 17. dxe5 Ng4 18. Nc4 Qa6 19. b3 b5 20. Nd6 Rcd8 21. a4 Bxd6 22.
exd6 Qb7 23. axb5 Bxb5 24. Qa2 Qb6 25. Ba5 Qc5 26. Rac1 Rxd6 27. Rxc5 Rxd1+ 28.
Ne1 a6 29. Bf3 Rxe1+ 30. Bxe1 N4e5 31. Be2 Nd3 32. Bxd3 Bxd3 33. Qd2 Be4 34. Qc3
Ne7 35. f3 Bd5 36. Rc7 Nf5 37. Rc8 f6 38. Rxf8+ Kxf8 39. Kf2 Kf7 40. Qd3 Ne7 41.
b4 Nc6 42. Qxa6 Ne5 43. Qa7+ Kg6 44. Qe3 Bc4 45. Bc3 Nd3+ 46. Kg2 Kf7 47. Qd4 1-0

[Event "Kramnik Challenge 2021"]
[Site "chess24.com INT"]
[Date "2021.08.14"]
[Round "9.4"]
[White "Lei, Tingjie"]
[Black "Khademalsharieh, Sarasadat"]
[Result "1-0"]
[WhiteTitle "GM"]
[BlackTitle "IM"]
[WhiteElo "2505"]
[BlackElo "2494"]
[WhiteFideId "8605114"]
[BlackFideId "12512214"]
[EventDate "2021.08.12"]

1. e4 e5 2. Nf3 Nc6 3. Bb5 a6 4. Ba4 d6 5. c3 Bd7 6. d4 g6 7. Bg5 f6 8. Be3 Nh6
9. O-O Nf7 10. dxe5 fxe5 11. c4 Bg7 12. Nc3 O-O 13. c5 dxc5 14. Bxc5 Re8 15. Bb3
Be6 16. Bxe6 Rxe6 17. Qb3 Qd7 18. Rad1 Qc8 19. Nd5 b6 20. Nxc7 1-0